College Quizbowl Stats
College Quizbowl Stats
Circuits
Seasons
Sets
Records
Detailed Stats
About
Loading...
Lower Mid-Atlantic
Tossups
Bonuses
Players
Teams
Categories (Tossup)
Categories (Bonus)
Owen Banks
Stanford M
Categories
Category
Powers
Gets
Negs
BBs
Points
Earliest Buzz
Avg. Buzz
First Buzzes
Top 3 Buzzes
BPA
PVF
Science - Chemistry
0
3
0
1
30
74
92.33
0
0
0.00
0.00
Science - Other
0
2
0
0
20
70
90.50
0
1
0.00
0.00
Social Science
0
1
0
0
10
36
36.00
0
1
0.00
0.00
Science - Physics
0
0
1
0
-5
0.00
0
0
0.00
0.00
Buzzes
Category
Answer
Value
Buzz Position
Science - Physics
compression
-5
32
Social Science
money
10
36
Science - Other
integer factorization
10
70
Science - Chemistry
carbon monoxide
10
74
Science - Chemistry
glass
10
98
Science - Chemistry
benzene
10
105
Science - Other
neutrons
10
111
Previous
1
Next